000 nam a22 7a 4500
999 _c55596
_d55596
003 OSt
005 20220920113408.0
008 220920b xxu||||| |||| 00| 0 eng d
040 _cIIMT UNIVERSITY, MEERUT
100 _aBAGLEY, DESMOND
245 _aLANDSLIDE
260 _aFONTANA PUB.
_bLONDON
_c1967
300 _a253
942 _2ddc
_c09